| 000 | 01589na a2200517 4500 | ||
|---|---|---|---|
| 001 | 13529 | ||
| 003 | MIRAKIL | ||
| 005 | 20181213154914.0 | ||
| 008 | 160828b tu 000 0 | ||
| 020 | _a9758563378 (c.24) | ||
| 020 | _a975856336X (c.23) | ||
| 020 | _a9758563343 (c22) | ||
| 020 | _a9758563343 (c.21) | ||
| 020 | _a9758563122 (c.20) | ||
| 020 | _a9758563114 (c.19) | ||
| 020 | _a9758563106 (c.18) | ||
| 020 | _a9758563092 (c.17) | ||
| 020 | _a9758563084 (c.16) | ||
| 020 | _a9758563076 (c.15) | ||
| 020 | _a9758563068 (c.14) | ||
| 020 | _a975856305X (c.13) | ||
| 020 | _a9758563041 (c.12) | ||
| 020 | _a9758563033 (c.11) | ||
| 020 | _a9758563025 (c.10) | ||
| 020 | _a9758563017 (c.9) | ||
| 020 | _a9758563009 (c.8) | ||
| 020 | _a9759583593 (c.7) | ||
| 020 | _a9759583585 (c.6) | ||
| 020 | _a9759583577 (c.5) | ||
| 020 | _a9759583569 (c.4) | ||
| 020 | _a9759583550 (c.3) | ||
| 020 | _a9759583542 (c.2) | ||
| 020 | _a9759583534 (c.1) | ||
| 020 | _a9759583526 (tk.) | ||
| 035 | _a13529 | ||
| 040 |
_aMilas _btur _cTR-AnCHP |
||
| 082 |
_aATA 011 _bA72 2001 |
||
| 090 | _aATA 011 A72 2001 | ||
| 245 |
_aAtatürk'ün okuduğu kitaplar _b"altını çizdiği satırları, özel işaretleri, uyarıları, düştüğü notlar ve kitap içerisindeki özel yazıları ile" |
||
| 260 |
_aAnkara _bAnıtkabir Derneği _c2001 |
||
| 300 |
_a24 c. _c21 sm. |
||
| 490 |
_aAnıtkabir Derneği Yayınları _vI |
||
| 600 |
_aAtatürk, Mustafa Kemal _d1881-1938 _xOkuma |
||
| 650 |
_aKitaplar ve okuma _xAtatürk, Mustafa Kemal |
||
| 942 |
_2dcc _cBKS |
||
| 999 |
_c2957 _d2957 |
||